[Event "Winter 2009 Masters Championship"]
[Site "SchemingMind.com"]
[Date "2009.12.08"]
[Round "-"]
[White "andu"]
[Black "talobsessed"]
[Result "0-1"]
[WhiteCountry "AUT"]
[BlackCountry "SWE"]
[WhiteElo "2190"]
[WhiteRD "56"]
[BlackElo "2232"]
[BlackRD "97"]
[GameID "229466"]

1. e4 e5 2. Nf3 Nc6 3. Bc4 Nf6 4. d3 Be7 5. O-O O-O 6. Re1 d6 7. Nc3 Na5 8. Bb3 Bg4 9. h3 Nxb3 10. axb3 Bh5
11. Be3 Qc8 12. Qe2 a6 13. Bg5 c6 14. g4 Bg6 15. Nh4 Bd8 16. Nxg6 fxg6 17. Be3 Qe6 18. d4 exd4 19. Bxd4 Nd7 20. Red1 Ne5
21. Bxe5 Qxe5 22. Qc4+ Kh8 23. Qd4 Bh4 24. Qxe5 Bxf2+ 25. Kg2 dxe5 26. Rd7 Bh4 27. Rf1 Rfd8 28. Rff7 Rxd7 29. Rxd7 Rd8 30. Rxb7 Rd2+
31. Kf3 h5 32. Rb8+ Kh7 33. Re8 Rxc2 34. gxh5 Rf2+ 35. Ke3 Rxb2 36. hxg6+ Kxg6 37. Re6+ Kh7 38. Rxc6 Rxb3 39. Kd2 Rb2+ 40. Kd1 Rh2
41. Rxa6 Rxh3 42. Nd5 Bf2 43. Rd6 Rh4 44. Rd7 Kh6 45. Ne7 Rxe4 46. Nf5+ Kg5 47. Nxg7 Kf6 48. Ne8+ Ke6 49. Rh7 Be3 50. Nc7+ Kf5
51. Rf7+ Kg6 52. Rf3 Bf4 53. Kc2 Rc4+
0-1

[Event "Winter 2009 Masters Championship"]
[Site "SchemingMind.com"]
[Date "2009.12.08"]
[Round "-"]
[White "talobsessed"]
[Black "andu"]
[Result "1/2-1/2"]
[WhiteCountry "SWE"]
[BlackCountry "AUT"]
[WhiteElo "2232"]
[WhiteRD "97"]
[BlackElo "2190"]
[BlackRD "56"]
[GameID "229467"]

1. e4 c5 2. Nf3 e6 3. Nc3 Nc6 4. d4 cxd4 5. Nxd4 Qc7 6. Be2 Nf6 7. Bg5 Bc5 8. Ndb5 Qb8 9. Bxf6 gxf6 10. Na4 Bb4+
11. c3 Be7 12. c4 Bb4+ 13. Nbc3 Rg8 14. g3 a6 15. Nb6 Ra7 16. Qd2 Qc7 17. Nxc8 Ra8 18. a3 Bxc3 19. Qxc3 e5 20. Qf3 Rxc8
21. Qxf6 Rg6 22. Qh8+ Ke7 23. Qxh7 Nd4 24. Rc1 Nxe2 25. Kxe2 Qb6 26. Rc2 Rf6 27. f4 Rxc4 28. Rxc4 Qxb2+ 29. Kf1 Qa1+ 30. Kg2 Qa2+
31. Kh3 Qxc4 32. fxe5 Qe6+ 33. Kg2 Qxe5 34. Qh4 d5 35. Re1 b5 36. Re2 d4 37. Rf2 Ke6 38. Rd2 Kd6 39. h3 Kc7 40. Rc2+ Kb7
41. Qg4 Kb6 42. Rf2 Rxf2+ 43. Kxf2 Qc5 44. Qf3 Ka5 45. Qd3 Kb6 46. Qf3=
1/2-1/2

[Event "Winter 2009 Masters Championship"]
[Site "SchemingMind.com"]
[Date "2009.12.09"]
[Round "-"]
[White "dvaldez"]
[Black "andu"]
[Result "0-1"]
[WhiteCountry "CAN"]
[BlackCountry "AUT"]
[WhiteElo "1892"]
[WhiteRD "71"]
[BlackElo "2218"]
[BlackRD "61"]
[GameID "230300"]

1. d4 Nf6 2. c4 g6 3. Nc3 Bg7 4. e4 d6 5. f3 O-O 6. Be3 Nc6 7. Nge2 a6 8. Qd2 Rb8 9. h4 h5 10. Ng3 e5
11. d5 Nd4 12. Bd3 c5 13. Bh6 Bxh6 14. Qxh6 b5 15. Qd2 Bd7 16. b3 Re8 17. Kf2 bxc4 18. Bxc4 Bb5 19. Rab1 Qa5 20. Rhc1 Bxc4
21. bxc4 Rec8 22. Kg1 Nd7 23. Kh2 Qd8 24. Kh3 Kg7 25. Nge2 Qa5 26. Ng3 Re8 27. Qe1 Nb6 28. Qf1 Nd7 29. Nge2 Qa3 30. Kh2 Rb4
31. Nd1 Reb8 32. Rxb4 cxb4 33. Nxd4 Qxc1 34. Nc6 b3 35. axb3 Rxb3
0-1

[Event "Winter 2009 Masters Championship"]
[Site "SchemingMind.com"]
[Date "2009.12.09"]
[Round "-"]
[White "dvaldez"]
[Black "talobsessed"]
[Result "0-1"]
[WhiteCountry "CAN"]
[BlackCountry "SWE"]
[WhiteElo "1892"]
[WhiteRD "71"]
[BlackElo "2240"]
[BlackRD "89"]
[GameID "230301"]

1. d4 f5 2. Nf3 e6 3. c4 Nf6 4. Nc3 Bb4 5. Bg5 O-O 6. e3 b6 7. Bd3 Bb7 8. O-O Be7 9. Rc1 c5 10. Qe2 Ne4
11. Bxe7 Qxe7 12. Bxe4 fxe4 13. Nd2 d5 14. f3 exf3 15. Nxf3 Nd7 16. Rf2 dxc4 17. Qxc4 Bxf3 18. Rxf3 Rxf3 19. gxf3 Qg5+ 20. Kf2 cxd4
21. Qxd4 Ne5 22. Rg1 Qxg1+
0-1

[Event "Winter 2009 Masters Championship"]
[Site "SchemingMind.com"]
[Date "2009.12.13"]
[Round "-"]
[White "andu"]
[Black "dvaldez"]
[Result "1-0"]
[WhiteCountry "AUT"]
[BlackCountry "CAN"]
[WhiteElo "2190"]
[WhiteRD "56"]
[BlackElo "1909"]
[BlackRD "75"]
[GameID "230302"]

1. e4 c5 2. Nf3 Nc6 3. d4 cxd4 4. Nxd4 Nf6 5. Nc3 d6 6. Bg5 e6 7. Qd2 a6 8. O-O-O Bd7 9. f4 b5 10. a3 Be7
11. Nf3 Qb6 12. e5 Ng4 13. Bxe7 Nxe7 14. exd6 Nf5 15. Bd3 Qxd6 16. Rhe1 Ne7 17. f5 O-O-O 18. Qg5 Nf2 19. Ne4 Nxe4 20. Bxe4 Qc5
21. Rd3 Kb8 22. Red1 Qc7 23. Qxe7
1-0

[Event "Winter 2009 Masters Championship"]
[Site "SchemingMind.com"]
[Date "2009.12.13"]
[Round "-"]
[White "talobsessed"]
[Black "dvaldez"]
[Result "1-0"]
[WhiteCountry "SWE"]
[BlackCountry "CAN"]
[WhiteElo "2240"]
[WhiteRD "89"]
[BlackElo "1892"]
[BlackRD "71"]
[GameID "230303"]

1. e4 c5 2. Nf3 Nc6 3. d4 cxd4 4. Nxd4 Nf6 5. Nc3 e5 6. Ndb5 d6 7. Bg5 a6 8. Bxf6 gxf6 9. Na3 b5 10. Nd5 f5
11. exf5 Bxf5 12. Qf3 Nd4 13. Nc7+ Qxc7 14. Qxa8+ Ke7 15. c3 b4 16. cxb4 Qb6 17. Bxa6 Qxb4+ 18. Kf1 Qxb2 19. Qb7+ Qxb7 20. Bxb7 Bd3+
21. Ke1 Ke6 22. Rd1 Bf5 23. g4 Bxg4 24. Bc8+
1-0

[Event "Winter 2009 Masters Championship"]
[Site "SchemingMind.com"]
[Date "2009.12.13"]
[Round "-"]
[White "klagefall"]
[Black "dvaldez"]
[Result "1-0"]
[WhiteCountry "GER"]
[BlackCountry "CAN"]
[WhiteElo "2042"]
[WhiteRD "73"]
[BlackElo "1892"]
[BlackRD "71"]
[GameID "230396"]

1. d4 Nf6 2. c4 g6 3. Nc3 Bg7 4. e4 d6 5. Nf3 O-O 6. Be2 e5 7. d5 a5 8. Bg5 h6 9. Bh4 Na6 10. Nd2 Nc5
11. O-O Qe8 12. b3 Nfd7 13. f3 f5 14. a3 g5 15. Bf2 f4 16. b4 axb4 17. axb4 Rxa1 18. Qxa1 Na6 19. Rb1 Nf6 20. c5 g4
21. c6 gxf3 22. Nxf3 Nxe4 23. Nxe4 Qg6 24. Bd3 b5 25. Qa5 Rf7 26. Nf6+ Qxf6 27. Bh4
1-0

[Event "Winter 2009 Masters Championship"]
[Site "SchemingMind.com"]
[Date "2009.12.10"]
[Round "-"]
[White "klagefall"]
[Black "andu"]
[Result "0-1"]
[WhiteCountry "GER"]
[BlackCountry "AUT"]
[WhiteElo "2050"]
[WhiteRD "70"]
[BlackElo "2184"]
[BlackRD "55"]
[GameID "230397"]

1. d4 d5 2. c4 e5 3. dxe5 d4 4. Nf3 Nc6 5. g3 Bg4 6. Bg2 f6 7. Qb3 Rb8 8. O-O fxe5 9. Nbd2 Nf6 10. h3 Bf5
11. g4 Bg6 12. Ng5 h5 13. Ne6 Qe7 14. Nxf8 Kxf8 15. g5 Nd7 16. Ne4 Kg8 17. h4 Kh7 18. a3 Qe6 19. Bd2 Qg4 20. Qg3 Qxe2
21. Rfe1 Qxc4
0-1

[Event "Winter 2009 Masters Championship"]
[Site "SchemingMind.com"]
[Date "2009.12.10"]
[Round "-"]
[White "klagefall"]
[Black "talobsessed"]
[Result "0-1"]
[WhiteCountry "GER"]
[BlackCountry "SWE"]
[WhiteElo "2055"]
[WhiteRD "72"]
[BlackElo "2232"]
[BlackRD "97"]
[GameID "230398"]

1. d4 f5 2. Nc3 e6 3. e4 Bb4 4. Bd3 fxe4 5. Bxe4 Nf6 6. Bd3 c5 7. Nf3 cxd4 8. Nxd4 e5 9. Nb3 d5 10. a3 Bxc3+
11. bxc3 Qc7 12. O-O O-O 13. Qd2 Bg4 14. f3 Bh5 15. Bb2 Nbd7 16. Rae1 e4 17. fxe4 Ng4 18. g3 Qb6+ 19. Kg2 Nde5
0-1

[Event "Winter 2009 Masters Championship"]
[Site "SchemingMind.com"]
[Date "2009.12.13"]
[Round "-"]
[White "dvaldez"]
[Black "klagefall"]
[Result "1-0"]
[WhiteCountry "CAN"]
[BlackCountry "GER"]
[WhiteElo "1892"]
[WhiteRD "71"]
[BlackElo "2042"]
[BlackRD "73"]
[GameID "230399"]

1. d4 d5 2. c4 e6 3. Nc3 Be7 4. Nf3 Nf6 5. Bg5 O-O 6. e3 h6 7. Bh4 Ne4 8. Bxe7 Qxe7 9. Rc1 c6 10. Bd3 Nxc3
11. Rxc3 dxc4 12. Bxc4 Nd7 13. O-O b6 14. Bd3 c5 15. Be4 Rb8 16. Qa4 a5 17. Bc6 Rd8 18. Rfc1 e5 19. Rd1 exd4 20. exd4 cxd4
21. Qxd4
1-0

[Event "Winter 2009 Masters Championship"]
[Site "SchemingMind.com"]
[Date "2009.12.10"]
[Round "-"]
[White "andu"]
[Black "klagefall"]
[Result "1-0"]
[WhiteCountry "AUT"]
[BlackCountry "GER"]
[WhiteElo "2184"]
[WhiteRD "55"]
[BlackElo "2050"]
[BlackRD "70"]
[GameID "230400"]

1. e4 e5 2. f4 Bc5 3. Nc3 d6 4. Nf3 Nf6 5. Bc4 Nc6 6. d3 Bg4 7. Na4 O-O 8. Nxc5 dxc5 9. O-O Qd6 10. fxe5 Nxe5
11. Bf4 Bxf3 12. Bxe5 Qxe5 13. Qxf3 Qxb2 14. Rab1 Qd4+ 15. Kh1 b6 16. Rb3 Rae8 17. c3 Qd6 18. Rbb1 Qe5 19. Rbc1 Re7 20. a4 a5
21. Rc2 Rd8 22. Qh3 Qh5 23. Qxh5 Nxh5 24. e5 g6 25. Rcf2 Rdd7 26. e6 fxe6 27. g4
1-0

[Event "Winter 2009 Masters Championship"]
[Site "SchemingMind.com"]
[Date "2009.12.10"]
[Round "-"]
[White "talobsessed"]
[Black "klagefall"]
[Result "1-0"]
[WhiteCountry "SWE"]
[BlackCountry "GER"]
[WhiteElo "2176"]
[WhiteRD "120"]
[BlackElo "2050"]
[BlackRD "70"]
[GameID "230401"]

1. e4 e5 2. Nf3 Nc6 3. Bc4 Bc5 4. c3 Nf6 5. b4 Bb6 6. d3 d6 7. O-O O-O 8. Bg5 Be6 9. Bxe6 fxe6 10. Nbd2 h6
11. Bh4 Qe8 12. Nc4 Nh5 13. a4 d5 14. Nxb6 axb6 15. Re1 Nf4 16. exd5 exd5 17. Bg3 Qh5 18. b5 Na5 19. Rxe5 Qg4 20. Bxf4 Rxf4
21. Rxd5 Raf8 22. Rd4
1-0

[Event "Winter 2009 Masters Championship"]
[Site "SchemingMind.com"]
[Date "2009.12.18"]
[Round "-"]
[White "nimzoking"]
[Black "dvaldez"]
[Result "1-0"]
[WhiteCountry "ENG"]
[BlackCountry "CAN"]
[WhiteElo "2162"]
[WhiteRD "84"]
[BlackElo "1892"]
[BlackRD "71"]
[GameID "230842"]

1. e4 c5 2. Nc3 Nc6 3. g3 g6 4. Bg2 Bg7 5. d3 d6 6. Nh3 e6 7. O-O Nge7 8. Bg5 h6 9. Be3 Nd4 10. Rb1 Nec6
11. Ne2 Qa5 12. a3 Qa4 13. Nxd4 Nxd4 14. c3 Qxd1 15. Rbxd1 Nb3 16. d4 c4 17. f4 f5 18. d5 e5 19. fxe5 Bxe5 20. Nf4 Kf7
21. Ne6 Bxe6 22. dxe6+ Kxe6 23. exf5+ gxf5 24. Bxb7 Rab8 25. Bd5+ Kf6 26. Bxc4 a5 27. Bd3 Nc5 28. Rxf5+ Ke6 29. Bxc5 dxc5 30. Re1
1-0

[Event "Winter 2009 Masters Championship"]
[Site "SchemingMind.com"]
[Date "2009.12.13"]
[Round "-"]
[White "nimzoking"]
[Black "klagefall"]
[Result "1-0"]
[WhiteCountry "ENG"]
[BlackCountry "GER"]
[WhiteElo "2188"]
[WhiteRD "103"]
[BlackElo "2050"]
[BlackRD "70"]
[GameID "230844"]

1. e4 e5 2. Bc4 Nc6 3. Nf3 Bc5 4. c3 Nf6 5. d3 a6 6. Nbd2 Ba7 7. Bb3 O-O 8. O-O d6 9. Nc4 h6 10. Be3 b5
11. Ncd2 Bxe3 12. fxe3 Qe7 13. Nh4 Nh7 14. Ng6 Qg5 15. Nxf8 Qxe3+ 16. Kh1
1-0

[Event "Winter 2009 Masters Championship"]
[Site "SchemingMind.com"]
[Date "2009.12.13"]
[Round "-"]
[White "nimzoking"]
[Black "andu"]
[Result "1/2-1/2"]
[WhiteCountry "ENG"]
[BlackCountry "AUT"]
[WhiteElo "2154"]
[WhiteRD "84"]
[BlackElo "2201"]
[BlackRD "66"]
[GameID "230845"]

1. e4 c5 2. d3 Nc6 3. Be3 Nf6 4. Nc3 d6 5. Nge2 Bd7 6. g3 e6 7. Bg2 Be7 8. O-O O-O 9. f4 Ng4 10. Bd2 c4
11. d4 e5 12. d5 Qb6+ 13. Kh1 Nb4 14. a3 Na6 15. Qe1 h6 16. Nd1 Nc5 17. Nec3 exf4 18. gxf4 Rfe8 19. Qe2 Bh4 20. h3 Nf6
21. e5 g6 22. Qxc4 Nh5 23. Rf3 Rac8 24. Qd4 dxe5 25. fxe5 Bg3 26. e6 fxe6 27. Qe3 exd5 28. Qxh6 Qd6 29. Nxd5 Be5 30. N1c3 Bf5
31. Ne3 Qxd2 32. Nxf5 Qxh6 33. Nxh6+ Kg7 34. Ng4 Ng3+ 35. Kh2 Nf5+ 36. Nxe5 Rxe5= 37. Rf2 b6 38. Rd1 Ne3 39. Rd4 Rc7 40. Rfd2 Rf7
41. Re2 Nf5 42. Rdd2 Rxe2 43. Rxe2 Rd7 44. Ne4=
1/2-1/2

[Event "Winter 2009 Masters Championship"]
[Site "SchemingMind.com"]
[Date "2009.12.14"]
[Round "-"]
[White "nimzoking"]
[Black "talobsessed"]
[Result "1/2-1/2"]
[WhiteCountry "ENG"]
[BlackCountry "SWE"]
[WhiteElo "2162"]
[WhiteRD "84"]
[BlackElo "2240"]
[BlackRD "89"]
[GameID "230846"]

1. e4 e5 2. Bc4 Nf6 3. Nc3 Nc6 4. d3 Na5 5. Nge2 Bc5 6. h3 O-O 7. O-O Nxc4 8. dxc4 d6 9. Qd3 Nd7 10. Be3 Bxe3
11. Qxe3 a5 12. a3 b6 13. Rad1 a4 14. f4 exf4 15. Nxf4 Ba6 16. Nb5 Re8 17. Rd4 Ne5 18. Qg3 Kh8 19. Nd5 c6 20. Ne3 cxb5
21. Nf5 g6 22. Nxd6 Qe7 23. Rd5 f6 24. cxb5 Bb7 25. Nxb7 Qxb7 26. Rxf6 Qe7 27. Qf4 Ra7 28. Rxb6 Rc7 29. c3 Nc4 30. Rf6 Kg8
31. b6 Rb7 32. e5 Nxe5 33. Rdd6 Rd7 34. Rfe6 Qxe6 35. Rxe6 Rxe6 36. c4 Rb7 37. c5 Nd3 38. Qxa4 Nxc5 39. Qc4 Rxb6=
1/2-1/2

[Event "Winter 2009 Masters Championship"]
[Site "SchemingMind.com"]
[Date "2009.12.18"]
[Round "-"]
[White "dvaldez"]
[Black "nimzoking"]
[Result "0-1"]
[WhiteCountry "CAN"]
[BlackCountry "ENG"]
[WhiteElo "1908"]
[WhiteRD "74"]
[BlackElo "2154"]
[BlackRD "84"]
[GameID "230847"]

1. e4 e6 2. d4 d5 3. Nd2 dxe4 4. Nxe4 Nf6 5. Bg5 Be7 6. Bxf6 Bxf6 7. Nf3 Bd7 8. Qd2 Be7 9. Bd3 Nc6 10. O-O Nb4
11. Be2 Bc6 12. Nc3 O-O 13. Ne5 Be8 14. Bf3 c6 15. a3 Nd5 16. Ne4 Qb6 17. c4 Nf6 18. Nc3 Rd8 19. Rfd1 Qc7 20. b4 Nd7
21. Qe3 a6 22. Rac1 Nxe5 23. dxe5 Rxd1+ 24. Rxd1 c5 25. b5 axb5 26. Nxb5 Bxb5 27. cxb5 Rd8 28. Rxd8+ Qxd8 29. g3 b6 30. Qe4 g6
31. a4 Kg7 32. Kg2 Qd2 33. Qb7 Bg5 34. Qe4 Qb2 35. h4 Bd2 36. Be2 Bc3 37. f4 h5 38. Kf3 Qa1 39. Bd3 Bd4 40. Ke2 Qb2+
41. Bc2 c4 42. g4 hxg4 43. h5 Qc3 44. hxg6 Be3 45. Qxe3 Qxc2+ 46. Ke1 Qb1+ 47. Kf2 Qb2+ 48. Ke1 c3 49. f5 c2 50. f6+ Kg8
51. gxf7+ Kxf7
0-1

[Event "Winter 2009 Masters Championship"]
[Site "SchemingMind.com"]
[Date "2009.12.14"]
[Round "-"]
[White "klagefall"]
[Black "nimzoking"]
[Result "1/2-1/2"]
[WhiteCountry "GER"]
[BlackCountry "ENG"]
[WhiteElo "2055"]
[WhiteRD "72"]
[BlackElo "2159"]
[BlackRD "89"]
[GameID "230849"]

1. d4 Nf6 2. c4 e6 3. Nf3 b6 4. a3 Ba6 5. Qc2 Bb7 6. Nc3 Be7 7. e4 d6 8. Be2 Nbd7 9. O-O O-O 10. h3 Ne8
11. Be3 c5 12. b4 Bf6 13. bxc5 bxc5 14. d5 Ne5 15. Nd2 Qa5 16. Rfc1 Ng6 17. Nb3 Qa6 18. Ra2 Be5 19. Nb5 Qb6 20. Bd2 Rb8
21. Ba5 Qa6 22. Bf1 Bf4 23. Rb1 Bc8 24. g3 Be5 25. f4 Bf6 26. Qd2 exd5 27. exd5 Bd7 28. a4 Qb7 29. Bc3 a6 30. Na3 Qc8
31. Kh2 h5 32. h4 Bxc3 33. Qxc3 Nf6 34. Na5 Rxb1 35. Nxb1 Re8 36. Re2 Rxe2+=
1/2-1/2

[Event "Winter 2009 Masters Championship"]
[Site "SchemingMind.com"]
[Date "2009.12.15"]
[Round "-"]
[White "andu"]
[Black "nimzoking"]
[Result "1/2-1/2"]
[WhiteCountry "AUT"]
[BlackCountry "ENG"]
[WhiteElo "2190"]
[WhiteRD "56"]
[BlackElo "2159"]
[BlackRD "89"]
[GameID "230850"]

1. e4 c5 2. Nf3 Nc6 3. d4 cxd4 4. Nxd4 g6 5. c4 Nf6 6. Nc3 d6 7. Nxc6 bxc6 8. Qa4 Bd7 9. c5 Bg7 10. Bd3 O-O
11. cxd6 exd6 12. O-O Re8 13. Bg5 Qc7 14. Rac1 Qb8 15. Qc2 Ng4 16. h3 h6 17. Bf4 Ne5 18. Rfd1 Be6 19. Be2 Kh7 20. Rd2 Rd8
21. Rcd1 f5 22. Be3 fxe4 23. Nxe4 Bxa2 24. b4 Qxb4 25. Qxa2 Qxe4 26. Rxd6 Rxd6 27. Rxd6 a5 28. Rd4 Qf5 29. Rf4 Qd7 30. Ra4 Qd5
31. Qb1 Qf7 32. h4 Kh8=
1/2-1/2

[Event "Winter 2009 Masters Championship"]
[Site "SchemingMind.com"]
[Date "2009.12.15"]
[Round "-"]
[White "talobsessed"]
[Black "nimzoking"]
[Result "1-0"]
[WhiteCountry "SWE"]
[BlackCountry "ENG"]
[WhiteElo "2240"]
[WhiteRD "89"]
[BlackElo "2162"]
[BlackRD "84"]
[GameID "230851"]

1. e4 c5 2. Nf3 Nc6 3. d4 cxd4 4. Nxd4 g6 5. Be3 Bg7 6. Nc3 Nf6 7. Nxc6 bxc6 8. e5 Nd5 9. Nxd5 cxd5 10. Qxd5 Rb8
11. O-O-O Bb7 12. Qd4 O-O 13. f4 d6 14. Qxa7 Qc8 15. Qd4 dxe5 16. fxe5 Qc7 17. Qc5 Bc6 18. Bd4 Rfd8 19. Bc4 Rxd4 20. Rxd4 Bxe5
21. Rf1 e6 22. g3 Bxd4 23. Qxd4 Bb5 24. Qf4 Qa7 25. Kb1 Bxc4 26. Qxc4 Qb7 27. Qc3 Rc8= 28. Qf3 Qc7 29. Qe2 Qc6 30. g4 h6
31. h4 Rc7 32. g5 h5 33. a3 Qa4 34. Qd2 Rd7 35. Qc3 Qd4 36. Qxd4 Rxd4 37. Rh1
1-0

[Event "Winter 2009 Masters Championship"]
[Site "SchemingMind.com"]
[Date "2009.12.19"]
[Round "-"]
[White "Chess_Man01"]
[Black "dvaldez"]
[Result "1-0"]
[WhiteCountry "GBR"]
[BlackCountry "CAN"]
[WhiteElo "2335"]
[WhiteRD "73"]
[BlackElo "1892"]
[BlackRD "71"]
[GameID "230958"]

1. e4 c5 2. b4 cxb4 3. a3 d5 4. exd5 Qxd5 5. Nf3 e5 6. axb4 Bxb4 7. c3 Be7 8. Na3 Nc6 9. Nb5 Qd8 10. d4 e4
11. Ng5 Bxg5 12. Bxg5 Nf6 13. d5 Ne5 14. Qd4 Nd3+ 15. Bxd3 exd3 16. Bxf6 gxf6 17. O-O O-O 18. Qxd3 a6 19. Rfe1 Kh8 20. d6 Bd7
21. Nc7 Rc8 22. Qd4 Bc6 23. Re7 Kg7 24. Ne6+
1-0

[Event "Winter 2009 Masters Championship"]
[Site "SchemingMind.com"]
[Date "2009.12.15"]
[Round "-"]
[White "Chess_Man01"]
[Black "nimzoking"]
[Result "1/2-1/2"]
[WhiteCountry "GBR"]
[BlackCountry "ENG"]
[WhiteElo "2335"]
[WhiteRD "73"]
[BlackElo "2162"]
[BlackRD "84"]
[GameID "230959"]

1. e4 c5 2. b4 cxb4 3. a3 d5 4. exd5 Qxd5 5. Nf3 e6 6. axb4 Bxb4 7. c3 Be7 8. d4 Nf6 9. c4 Qd8 10. Nc3 O-O
11. Be2 b6 12. O-O Bb7 13. Bf4 Qc8 14. Qb1 Rd8 15. Rd1 Nbd7 16. Nd2 Nf8 17. Nb5 a6 18. Nc7 Rxd4 19. Be5 N8d7 20. Bxd4 Qxc7
21. Bf3 Bxf3 22. Nxf3 e5 23. Bb2 e4 24. Bxf6 Nxf6 25. Nd2 e3 26. fxe3 Bc5 27. Nf1 Qe5 28. Ra2 Ng4 29. Kh1 a5= 30. h3 Nf6
31. Rad2 g6 32. Rd8+ Rxd8 33. Rxd8+ Kg7 34. Qc2 Qe7 35. Rd3 Ne4 36. Kg1=
1/2-1/2

[Event "Winter 2009 Masters Championship"]
[Site "SchemingMind.com"]
[Date "2009.12.14"]
[Round "-"]
[White "Chess_Man01"]
[Black "klagefall"]
[Result "1-0"]
[WhiteCountry "GBR"]
[BlackCountry "GER"]
[WhiteElo "2335"]
[WhiteRD "73"]
[BlackElo "2042"]
[BlackRD "73"]
[GameID "230961"]

1. e4 e5 2. Nf3 Nc6 3. Bb5 a6 4. Ba4 Nf6 5. O-O Be7 6. Re1 b5 7. Bb3 d6 8. c3 O-O 9. h3 Na5 10. Bc2 c5
11. d4 Qc7 12. Nbd2 Nc6 13. dxc5 dxc5 14. Nf1 Be6 15. Ne3 Rad8 16. Qe2 c4 17. Nf5 Bxf5 18. exf5 Rfe8 19. Bg5 Nd5 20. Rad1 Bf6
21. Bc1 Rd7 22. Qe4 Nb6 23. g4 Rxd1 24. Rxd1 Rd8 25. Re1
1-0

[Event "Winter 2009 Masters Championship"]
[Site "SchemingMind.com"]
[Date "2009.12.14"]
[Round "-"]
[White "Chess_Man01"]
[Black "andu"]
[Result "1-0"]
[WhiteCountry "GBR"]
[BlackCountry "AUT"]
[WhiteElo "2335"]
[WhiteRD "74"]
[BlackElo "2190"]
[BlackRD "56"]
[GameID "230962"]

1. e4 c5 2. b4 b6 3. bxc5 bxc5 4. Nc3 e6 5. Nf3 Be7 6. Rb1 Nf6 7. e5 Nd5 8. Nxd5 exd5 9. d4 Nc6 10. dxc5 Qa5+
11. Bd2 Qxa2 12. Bd3 Rb8 13. Rxb8 Nxb8 14. O-O Nc6 15. Be3 O-O 16. Nd4 Nxd4 17. Bxd4 Qa5 18. Qh5 g6 19. Qf3 Bb7 20. Ra1 Qd2
21. Rxa7 Qc1+ 22. Bf1 Bc6 23. Qe2 Qf4 24. Qd1 Rb8 25. c3 Qh6 26. Ra5 Bg5 27. Ra6 Be7 28. Qd3 Qf8 29. Rb6 Ra8 30. Qe3 Ra1
31. f4 Ra2 32. f5 Ra1 33. f6 Bd8 34. Rb8 h6 35. h4
1-0

[Event "Winter 2009 Masters Championship"]
[Site "SchemingMind.com"]
[Date "2009.12.14"]
[Round "-"]
[White "Chess_Man01"]
[Black "talobsessed"]
[Result "1/2-1/2"]
[WhiteCountry "GBR"]
[BlackCountry "SWE"]
[WhiteElo "2335"]
[WhiteRD "73"]
[BlackElo "2240"]
[BlackRD "89"]
[GameID "230963"]

1. e4 e5 2. Nf3 Nc6 3. Bb5 Nge7 4. O-O g6 5. c3 Bg7 6. d4 exd4 7. cxd4 a6 8. Ba4 O-O 9. d5 Na5 10. Nc3 d6
11. Re1 b5 12. Bc2 b4 13. Ne2 c6 14. dxc6 Naxc6 15. Nfd4 Bb7 16. Be3 Ne5 17. Qd2 Nc4 18. Qxb4 Nxe3 19. Qxb7 Nxc2 20. Nxc2 Rb8
21. Qxa6 Rxb2 22. Ned4 d5 23. e5 Qc7 24. Qa3 Qb7 25. f4 Ra8 26. Qc3 Qb6 27. Kh1 Raxa2 28. Rxa2 Rxa2 29. Nb4 Ra4 30. Rb1 g5
31. g3 Ra8 32. Rd1 Rc8 33. Qd2 gxf4 34. gxf4 Kh8 35. Nf3 Bh6 36. Ng5 Bxg5 37. fxg5 Qg6 38. Qf4 Qe4+ 39. Qxe4 dxe4 40. Rd4 Rg8
41. Rxe4 Rxg5=
1/2-1/2

[Event "Winter 2009 Masters Championship"]
[Site "SchemingMind.com"]
[Date "2009.12.19"]
[Round "-"]
[White "dvaldez"]
[Black "Chess_Man01"]
[Result "0-1"]
[WhiteCountry "CAN"]
[BlackCountry "GBR"]
[WhiteElo "1892"]
[WhiteRD "71"]
[BlackElo "2335"]
[BlackRD "73"]
[GameID "230964"]

1. e4 c5 2. c3 d5 3. exd5 Qxd5 4. d4 Nf6 5. Nf3 e6 6. Na3 Nc6 7. Nb5 Qd8 8. dxc5 Bxc5 9. Qxd8+ Kxd8 10. Bf4 Ne4
11. Rd1+ Ke7 12. Nbd4 Nxd4 13. Nxd4 Rd8 14. f3 Nf6 15. Nb5 Rxd1+ 16. Kxd1 Bd7 17. Bc4 Rd8 18. Ke2 Nd5 19. Bd2 e5 20. g3 Nb6
21. Bd3 e4
0-1

[Event "Winter 2009 Masters Championship"]
[Site "SchemingMind.com"]
[Date "2009.12.16"]
[Round "-"]
[White "nimzoking"]
[Black "Chess_Man01"]
[Result "0-1"]
[WhiteCountry "ENG"]
[BlackCountry "GBR"]
[WhiteElo "2162"]
[WhiteRD "84"]
[BlackElo "2335"]
[BlackRD "73"]
[GameID "230965"]

1. e4 d5 2. exd5 Nf6 3. Nc3 Nxd5 4. Nxd5 Qxd5 5. Nf3 Bg4 6. Be2 Nc6 7. c3 O-O-O 8. d4 e5 9. O-O exd4 10. cxd4 Bd6
11. Be3 f5 12. b4 f4 13. b5 fxe3 14. bxc6 exf2+ 15. Rxf2 Qxc6 16. Rb1 Kb8 17. Qf1 b6 18. h3 Bc8 19. Ba6 Bg3 20. Rfb2 Be6
21. Bb5 Qe4 22. Re2 Qg6 23. Bd3 Qf6 24. Rc1 Bc8 25. Rd1 h5 26. Bb5 Rhf8 27. Rd3 a6 28. Ba4 g5
0-1

[Event "Winter 2009 Masters Championship"]
[Site "SchemingMind.com"]
[Date "2009.12.14"]
[Round "-"]
[White "klagefall"]
[Black "Chess_Man01"]
[Result "0-1"]
[WhiteCountry "GER"]
[BlackCountry "GBR"]
[WhiteElo "2049"]
[WhiteRD "75"]
[BlackElo "2309"]
[BlackRD "72"]
[GameID "230967"]

1. d4 Nf6 2. c4 e6 3. Nf3 d5 4. Bg5 Be7 5. e3 O-O 6. Nc3 h6 7. Bh4 b6 8. Rc1 Bb7 9. Bxf6 Bxf6 10. cxd5 exd5
11. Bd3 c5 12. O-O cxd4 13. exd4 Nc6 14. Bb1 Re8 15. Qd2 a6 16. Qf4 g5 17. Qf5 Nxd4 18. Nxd4 Bxd4 19. Rfd1 Qf6 20. Rxd4 Qxd4
21. Qh7+ Kf8 22. Qxh6+ Qg7 23. Qxb6 Rab8 24. Bd3 Re6 25. Qb4+ Kg8 26. Ne2 Qe5 27. Nd4 Qf4 28. Rf1 Rh6 29. g3 Bc8 30. Qe7 Qf6
31. Qc7 Ra8 32. Re1 Be6 33. Qb6 a5 34. Bf1 Rc8 35. Bg2 Bg4 36. Qxf6 Rxf6 37. Bxd5 Rd6
0-1

[Event "Winter 2009 Masters Championship"]
[Site "SchemingMind.com"]
[Date "2009.12.14"]
[Round "-"]
[White "andu"]
[Black "Chess_Man01"]
[Result "0-1"]
[WhiteCountry "AUT"]
[BlackCountry "GBR"]
[WhiteElo "2142"]
[WhiteRD "52"]
[BlackElo "2314"]
[BlackRD "68"]
[GameID "230968"]

1. e4 d5 2. d4 dxe4 3. Nc3 Nf6 4. f3 exf3 5. Qxf3 g6 6. Be3 Bg7 7. h3 O-O 8. O-O-O c6 9. Bc4 Na6 10. Bxa6 bxa6
11. Qxc6 Rb8 12. Bf4 Bb7 13. Qa4 Rc8 14. Nf3 Nd5 15. Bd2 Nb6 16. Qb3 Qc7 17. Rhf1 Nc4 18. Rf2 Ba8 19. Na4 Rfd8 20. Be1 e5
21. Ng5 Bh6 22. h4 Rxd4
0-1